000 00652nam a22002417a 4500
008 130717b xxu||||| |||| 00| 0 eng d
020 _a81-7366-165-0
024 _cAvailable
037 _cAvailable
040 _aMBSTU LIBRARY
_dMBSTU LIBRARY
082 _222
_a005.362 DAB
110 _aHunter.
245 _aBeginning XML.
260 _aNew Delhi
_bSPD
_c2000
300 _a24 cm.
_bxix, 823 page.
_f02
_g24 cm.
600 _2Computer programming.
650 _2Computer programming.
710 _aHunter.
270 _aNew Delhi
_bNew Delhi
_dIndia
365 _b550.00
_d550.00
942 _2ddc
_cBK
999 _c566
_d566